[Event "Sweden TV Cup"]
[Site "Sweden"]
[Date "1993.??.??"]
[Round "?"]
[White "Ernst, Thomas"]
[Black "Hellers, Ferdinand"]
[Result "1/2-1/2"]
[WhiteElo "2540"]
[BlackElo "2565"]

1.e4 c5 2.Nf3 d6 3.d4 cxd4 4.Nxd4 Nf6 5.Nc3 a6 6.Be3 e5 7.Nb3 Be6 8.Be2 Be7
9.O-O O-O 10.Qd2 Nbd7 11.a4 Rc8 12.Rfd1 Qc7 13.a5 Rfd8 14.Qe1 Qc6 15.Bf3 Nc5
16.Nd5 Bxd5 17.exd5 Qc7 18.Nd2 Re8 19.Nc4 Ncd7 20.b3 Bf8 21.Rac1 g6 22.Qd2 Kh8
23.Re1 Ng8 24.Be2 f5 25.f4 Ngf6 26.Bf3 Nc5 27.fxe5 dxe5 28.d6 Qf7 29.Bg5 e4
30.Be2 Ncd7 31.Rcd1 Rcd8 32.Qb4 h6 33.Bc1 Nb8 34.Bb2 Nc6 35.Qc5 Bg7 36.Nb6 Nd7
37.Bxg7+ Qxg7 38.Nxd7 Qxd7 39.c4 Re6 40.Qe3 Rxd6 41.Rxd6 Qxd6 42.Qxh6+ Kg8
43.c5 Qd4+ 44.Kh1 Qg7 45.Bc4+ Kf8 46.Qg5 Re8 47.g4 Nd4 48.gxf5 gxf5 49.Qf4 Qe5
50.Qh6+ Ke7 51.Qh7+ Kd8 52.Qxb7 Rh8 53.Qa8+ Ke7 54.Qb7+ Kd8 55.Qa8+  1/2-1/2

[Event "SWZ-chT"]
[Site "?"]
[Date "1993.??.??"]
[Round "?"]
[White "Landenbergue, Claude"]
[Black "Chachere, Lawrence"]
[Result "1-0"]
[WhiteElo "2385"]
[BlackElo "2225"]

1.e4 c5 2.Nf3 d6 3.d4 Nf6 4.Nc3 cxd4 5.Nxd4 a6 6.Be3 e6 7.g4 e5 8.Nf5 g6
9.Bg2 gxf5 10.exf5 Rg8 11.h3 Nc6 12.Qe2 Ne7 13.f4 Qc7 14.O-O-O Bd7 15.Qf2 Bc6
16.Bb6 Qb8 17.fxe5 dxe5 18.Rhe1 h5 19.Bc5 hxg4 20.Bd6 Qc8 21.Bxe5 gxh3 22.Bxh3 Bg7
23.Bd6 Bf8 24.Bxe7 Bxe7 25.Rxe7+ Kxe7 26.Qc5+ Ke8 27.Re1+ Be4 28.Qe5+ Kf8
29.Qxf6 Qc6 30.Qh4 Bd5 31.f6  1-0

[Event "SWZ-chT"]
[Site "?"]
[Date "1993.??.??"]
[Round "?"]
[White "Brunner, Lucas"]
[Black "Gavrikov, Viktor"]
[Result "1/2-1/2"]
[WhiteElo "2455"]
[BlackElo "2575"]

1.e4 c5 2.Nf3 d6 3.d4 cxd4 4.Nxd4 Nf6 5.Nc3 a6 6.Be3 Ng4 7.Bg5 h6 8.Bh4 g5
9.Bg3 Bg7 10.Qd2 Nc6 11.Nb3 Be6 12.f3 Nge5 13.Nd5 b5 14.Bf2 Rb8 15.Nd4 Qd7
16.Rd1 Nxd4 17.Bxd4 Bxd5 18.exd5 Qb7 19.Be3 Nc4 20.Bxc4 bxc4 21.b3 cxb3 22.cxb3 Qb4
23.Kf2 Qxd2+ 24.Rxd2 Kd7  1/2-1/2

[Event "Szeged op"]
[Site "Szeged"]
[Date "1993.??.??"]
[Round "1"]
[White "Farkas, Tibor"]
[Black "Papp, Zsolt"]
[Result "1/2-1/2"]
[WhiteElo "2240"]
[BlackElo "2150"]

1.e4 c5 2.Nf3 d6 3.d4 cxd4 4.Nxd4 Nf6 5.Nc3 a6 6.Be3 e5 7.Nb3 Be6 8.Qd2 Be7
9.f3 Nbd7 10.O-O-O b5 11.g4 Nb6 12.Kb1 b4 13.Bxb6 Qxb6 14.Nd5 Bxd5 15.exd5 a5
16.Qd3 O-O 17.Nd2 Rfc8 18.Ne4 Rab8 19.Qa6 Qc7 20.Nxf6+ Bxf6 21.Bd3 g6 22.h4 Qc5
23.h5 Rb6  1/2-1/2

[Event "Szeged op"]
[Site "Szeged"]
[Date "1993.??.??"]
[Round "3"]
[White "Farkas, Tibor"]
[Black "Fokin, Sergey"]
[Result "1/2-1/2"]
[WhiteElo "2240"]
[BlackElo "2400"]

1.e4 c5 2.Nf3 d6 3.d4 cxd4 4.Nxd4 Nf6 5.Nc3 a6 6.Be3 e6 7.f3 b5 8.Qd2 Bb7
9.O-O-O Nbd7 10.g4 Nb6 11.a3 Be7 12.h4 Nfd7 13.g5 Ne5 14.f4 Nec4 15.Bxc4 Nxc4
16.Qe2 Qd7 17.Rhf1 Bd8 18.Nb3 O-O 19.f5 exf5 20.Nc5 Qc6 21.Nxb7 Qxb7 22.Rxf5 Rc8
23.Nd5 Ne5 24.Bf4 Rc6 25.Bxe5 dxe5 26.Rxe5 Re6 27.Rxe6 fxe6 28.Nc3 Bc7 29.Rf1 Rxf1+
30.Qxf1 Be5 31.Qd3 Bxc3 32.bxc3 Qc7 33.Kb2 Kf7 34.Qf3+ Kg8 35.h5 Qe5 36.g6 hxg6
37.hxg6 Qf6 38.Qg3 e5 39.Qg4 Kf8 40.Qc8+ Ke7 41.Qc5+ Ke8 42.Qc8+ Ke7 43.Qc5+ Ke8
44.Qc8+  1/2-1/2

[Event "Szeged op"]
[Site "Szeged"]
[Date "1993.??.??"]
[Round "4"]
[White "Soos, Arpad"]
[Black "Sleisz, Tamas"]
[Result "1-0"]
[WhiteElo "2315"]
[BlackElo "2215"]

1.e4 c5 2.Nf3 d6 3.d4 cxd4 4.Nxd4 Nf6 5.Nc3 a6 6.Be3 e5 7.Nb3 Be7 8.f3 Be6
9.Qd2 O-O 10.O-O-O b5 11.g4 Nfd7 12.Nd5 Bxd5 13.exd5 Qc7 14.Kb1 Rc8 15.f4 exf4
16.Bxf4 Bf6 17.Bd3 g6 18.h4 Ne5 19.Bxe5 Bxe5 20.h5 Nd7 21.Rde1 Nc5 22.hxg6 fxg6
23.Nxc5 dxc5 24.Qg5 Re8 25.Ref1 Ra7 26.Bxg6 hxg6 27.Qxg6+  1-0

[Event "Szeged op"]
[Site "Szeged"]
[Date "1993.??.??"]
[Round "8"]
[White "Farkas, Tibor"]
[Black "Berenyi, Tamas"]
[Result "1-0"]
[WhiteElo "2240"]
[BlackElo "2045"]

1.e4 c5 2.Nf3 d6 3.d4 cxd4 4.Nxd4 Nf6 5.Nc3 a6 6.Be3 e6 7.f3 b5 8.Qd2 Qc7
9.O-O-O Nbd7 10.Kb1 Nc5 11.Bxb5+ axb5 12.Ndxb5 Qc6 13.Nxd6+ Bxd6 14.Qxd6 Qxd6
15.Rxd6 Nb7 16.Rd2 Ke7 17.Rhd1 Nd7 18.Nb5 Rd8 19.c4 Na5 20.Bc5+ Kf6 21.Bb6 Rg8
22.Bxa5 Rxa5 23.Rxd7 Bxd7 24.Rxd7 Rga8 25.a3 Kg6 26.b4 Ra4 27.Kb2 Rf8 28.Nc3 Raa8
29.a4 Rfc8 30.Kb3  1-0

[Event "EU-ch U16"]
[Site "Szombathely"]
[Date "1993.??.??"]
[Round "6"]
[White "Szuk, Balazs"]
[Black "Tzoumbas, Anastasios"]
[Result "0-1"]
[WhiteElo "2315"]
[BlackElo "2215"]

1.e4 c5 2.Nf3 d6 3.d4 cxd4 4.Nxd4 Nf6 5.Nc3 a6 6.Be3 Ng4 7.Bg5 h6 8.Bh4 g5
9.Bg3 Bg7 10.Qd2 Nc6 11.Nb3 Be6 12.h4 gxh4 13.Bxh4 Qb6 14.O-O-O h5 15.Kb1 Nce5
16.Nd4 Rc8 17.Rh3 Ng6 18.Nxe6 fxe6 19.Qg5 N4e5 20.Qe3 Qxe3 21.fxe3 Ng4 22.Be1 Bxc3
23.bxc3 N6e5 24.Be2 Kd7 25.Bg3 Nc4 26.Rdh1 Ncxe3 27.Rxh5 Rxh5 28.Rxh5 Nf6
29.Rh4 Nxg2 30.Rh2 Ne3 31.Bd3 Rxc3 32.e5 Nfg4 33.Rh5 Nxc2 34.Bxc2 Rxg3 35.exd6 Nf6  0-1

[Event "EU-ch U16 Girls"]
[Site "Szombathely"]
[Date "1993.??.??"]
[Round "7"]
[White "Lakos, Nikoletta"]
[Black "Peptan, Corina"]
[Result "1/2-1/2"]
[WhiteElo "2215"]
[BlackElo "2355"]

1.e4 c5 2.Nf3 d6 3.d4 cxd4 4.Nxd4 Nf6 5.Nc3 a6 6.Be3 e5 7.Nb3 Qc7 8.f3 Be7
9.Qd2 Be6 10.O-O-O Nbd7 11.g4 Nb6 12.Qf2 Nfd7 13.h4 O-O 14.Nd5 Bxd5 15.exd5 Nc4
16.Bxc4 Qxc4 17.Kb1 a5 18.Qd2 a4 19.Nc1 Rfc8 20.g5 Bd8 21.h5 a3 22.b3 Qc3
23.Qxc3 Rxc3 24.Rd3 Rcc8 25.c4 b5 26.cxb5 Rcb8 27.Ne2 Rxb5 28.Nc3 Rb7 29.Ne4 Be7
30.Rc1 f5 31.gxf6 Nxf6 32.Nxf6+ gxf6 33.Rc6 Kf7 34.Kc2 f5 35.Rd1 Rg8 36.Bc1 Rg2+
37.Rd2 Rxd2+ 38.Kxd2 Rb5 39.Bxa3 Rxd5+ 40.Ke2 Ke6 41.Bc1 Ra5 42.a4 Kd7 43.Rc2 d5
44.Bd2 Ra8 45.Rb2 Kc6 46.Rc2+ Kd7 47.Rb2 Bf6 48.Rc2 Be7 49.Rb2 Ra7 50.Rb1 Ra8
51.Rb2 Kc6 52.Rc2+ Kd7 53.Rb2 Kc6  1/2-1/2

[Event "Ticino op"]
[Site "Ticino"]
[Date "1993.??.??"]
[Round "3"]
[White "Landenbergue, Claude"]
[Black "Astengo, Corrado"]
[Result "1-0"]
[WhiteElo "2405"]
[BlackElo "2165"]

1.e4 c5 2.Nf3 d6 3.d4 Nf6 4.Nc3 cxd4 5.Nxd4 a6 6.Be3 e5 7.Nb3 Be6 8.f4 Qc7
9.Qd2 Nbd7 10.h3 Be7 11.g4 exf4 12.Bxf4 Ne5 13.O-O-O O-O 14.Nd5 Nxd5 15.exd5 Bd7
16.Bxe5  1-0

[Event "Voskresensk2"]
[Site "Voskresensk"]
[Date "1993.??.??"]
[Round "?"]
[White "Nadanian, Ashot"]
[Black "Tataev, Manach"]
[Result "1-0"]
[WhiteElo "2285"]
[BlackElo "2395"]

1.e4 c5 2.Nf3 d6 3.d4 cxd4 4.Nxd4 Nf6 5.Nc3 a6 6.Be3 e5 7.Nf3 Qc7 8.a4 h6
9.a5 Be6 10.Nd5 Nxd5 11.exd5 Bf5 12.c4 Nd7 13.b4 Be7 14.Be2 O-O 15.O-O Bg6
16.Nd2 f5 17.f4 exf4 18.Bxf4 b6 19.Nb3 Bf6 20.Rb1 Be5 21.Kh1 Rf6 22.Qd2 Rb8
23.axb6 Qxb6 24.Na5 Bxf4 25.Qxf4 Re8 26.Qd2 f4 27.Rb2 Qe3 28.Qxe3 fxe3 29.Rxf6 Nxf6
30.Nb7 Ne4 31.c5 Re7 32.c6 Bf7 33.Rc2 Bxd5 34.Bxa6 Nd2 35.c7 Bxb7 36.Bxb7 e2
37.c8=Q+ Kh7 38.Be4+ g6 39.Rc1 Nxe4 40.Qf8  1-0

[Event "Warsaw op"]
[Site "Warsaw"]
[Date "1993.??.??"]
[Round "2"]
[White "Kislov, Mikhail"]
[Black "Ocytko, Andrzej"]
[Result "0-1"]
[WhiteElo "2340"]
[BlackElo "2225"]

1.e4 c5 2.Nf3 d6 3.d4 cxd4 4.Nxd4 Nf6 5.Nc3 a6 6.Be3 e5 7.Nb3 Be6 8.Qd2 Be7
9.f4 exf4 10.Bxf4 Nc6 11.O-O-O Ne5 12.Nd4 Qd7 13.Qe3 O-O 14.Nxe6 Qxe6 15.Nd5 Rac8
16.Bd3 Rfe8 17.Rhe1 Bf8 18.Bf1 Neg4 19.Qd4 Nxe4 20.Bc4 b5 21.Bb3 Qg6 22.Nb6 Rcd8
23.Rf1 Nc5 24.Bd5 Nf6 25.Bc6 Re2 26.Qc3 Nfe4 27.Bxe4 Qxe4 28.Rfe1 Qxf4+  0-1

[Event "Warsaw op"]
[Site "Warsaw"]
[Date "1993.??.??"]
[Round "3"]
[White "Socko, Bartosz"]
[Black "Staniszewski, Piotr"]
[Result "1-0"]
[WhiteElo "2240"]
[BlackElo "2430"]

1.e4 c5 2.Nf3 d6 3.d4 cxd4 4.Nxd4 Nf6 5.Nc3 a6 6.Be3 Nc6 7.Be2 Bd7 8.f4 Rc8
9.O-O e6 10.g4 Nxd4 11.Bxd4 Bc6 12.Qd3 Be7 13.g5 Nd7 14.Bxg7 Rg8 15.Bd4 e5
16.fxe5 dxe5 17.Qf3 Rxg5+ 18.Kh1 Nf6 19.Be3 Nxe4 20.Nxe4 f5 21.Bd3 Qd5 22.Bxg5 fxe4
23.Qh5+ Kd7 24.Be2 e3+ 25.Bf3 e2 26.Bxd5 exf1=Q+ 27.Rxf1 Bxd5+ 28.Kg1 Bc5+
29.Rf2 Rf8 30.Qxh7+ Rf7 31.Qh3+  1-0

[Event "Warsaw op"]
[Site "Warsaw"]
[Date "1993.??.??"]
[Round "5"]
[White "Kostyra, Stanislaw"]
[Black "Ocytko, Andrzej"]
[Result "0-1"]
[WhiteElo "2375"]
[BlackElo "2225"]

1.e4 c5 2.Nf3 d6 3.d4 cxd4 4.Nxd4 Nf6 5.Nc3 a6 6.Be3 Ng4 7.Bg5 h6 8.Bh4 g5
9.Bg3 Bg7 10.Be2 h5 11.h3 h4 12.Bxg4 hxg3 13.Nb3 gxf2+ 14.Kxf2 Nc6 15.Qd2 Bxg4
16.hxg4 Rxh1 17.Rxh1 e6 18.Rh5 Bf6 19.Nd1 Qb6+ 20.Ne3 O-O-O 21.Kf1 Qb5+ 22.Kg1 Qe5
23.Rh7 Qxe4 24.Qd3 Qxd3 25.cxd3 Rd7 26.Kf2 Kd8 27.Nd1 Nb4 28.d4 Nc2 29.Nc3 Nxd4
30.Ne4 Be5 31.Nxg5 Nxb3 32.axb3 Ke8 33.Ne4 f5 34.Rxd7 Kxd7 35.gxf5 exf5 36.Nd2 Bxb2
37.Kf3 Ke6 38.g4 fxg4+ 39.Kxg4 Bc1 40.Ne4 b6 41.Kf3 Ke5 42.Nc3 Bb2 43.Ne4 Bd4
44.Nd2 b5 45.Ke2 Bc3 46.Nf3+ Kf4 47.Ng1 Ke4 48.Nf3 Bf6 49.Ne1 a5 50.Kd2 a4
51.bxa4 bxa4 52.Kc2 Kd5 53.Nd3 Kc4 54.Nc1 a3 55.Na2 Bb2  0-1

[Event "SWZ-GP Wohlen"]
[Site "Wohlen"]
[Date "1993.??.??"]
[Round "6"]
[White "Landenbergue, Claude"]
[Black "Baburin, Alexander"]
[Result "1/2-1/2"]
[WhiteElo "2385"]
[BlackElo "2550"]

1.e4 c5 2.Nf3 d6 3.d4 cxd4 4.Nxd4 Nf6 5.Nc3 a6 6.Be3 e5 7.Nf3 Qc7 8.a4 Be7
9.Be2 O-O 10.O-O Nbd7 11.Bg5 h6 12.Bh4 b6 13.Re1 Bb7 14.Bf1 Rfe8 15.Nd2 d5
16.exd5 Nxd5 17.Nxd5 Bxd5 18.Bxe7 Rxe7 19.Ne4 Bxe4 20.Rxe4 Nc5 21.Re3 Rd8
22.Qg4 Rd4 23.Qe2 a5 24.b3 Qd6 25.Re1 e4 26.c3 Rd2 27.Qc4 Qf6 28.R1e2 Red7
29.b4 axb4 30.cxb4 R2d4 31.Qb5 Nd3 32.a5 bxa5 33.bxa5 Nf4 34.Rc2 Rd1 35.Rxe4 Nh3+
36.gxh3 Qg6+ 37.Rg4 Qxc2 38.a6 Qc1 39.Kg2 Qc7 40.Be2 R1d5 41.Qb2 g6 42.Qf6 R7d6
43.Qf3 Kh7 44.Qg3 Qe7 45.Bf1 h5 46.Rf4 Ra5 47.h4 Rf6 48.Rxf6 Qxf6 49.Qb3 Rf5
50.Qg3 Rf4 51.h3 Qc6+ 52.Kg1 Ra4 53.Qb3 Qd7 54.Bb5 Ra1+ 55.Kg2 Qf5 56.Bd3 Qf6
57.Qd5 Kg7 58.Bc4 Ra3 59.Qb7 Kh6  1/2-1/2

[Event "Zalaegerszeg"]
[Site "Zalaegerszeg"]
[Date "1993.??.??"]
[Round "6"]
[White "Feher, Gyula"]
[Black "Bossert, Christian"]
[Result "1-0"]
[WhiteElo "2380"]
[BlackElo "2305"]

1.e4 c5 2.Nf3 d6 3.d4 cxd4 4.Nxd4 Nf6 5.Nc3 a6 6.Be3 Ng4 7.Bc1 e5 8.Nf5 Bxf5
9.exf5 Nf6 10.g4 h6 11.Bg2 Nc6 12.Be3 Qa5 13.O-O Be7 14.h3 Rd8 15.a3 O-O
16.Re1 Rd7 17.b4 Qc7 18.Na4 Re8 19.Nb6 Rdd8 20.c3 Bf8 21.h4 Ne7 22.c4 Nd7
23.Nxd7 Rxd7 24.Qd3 Qd8 25.Rad1 Nc8 26.g5 Be7 27.f6 Bf8 28.fxg7 Kxg7 29.gxh6+ Kh8
30.Qf5 f6 31.Kh2 Rc7 32.Bd5  1-0

[Event "Zaragoza op"]
[Site "Zaragoza"]
[Date "1993.??.??"]
[Round "?"]
[White "De la Villa Garcia, Jesus Maria"]
[Black "Hodgson, Julian M"]
[Result "0-1"]
[WhiteElo "2440"]
[BlackElo "2625"]

1.e4 c5 2.Nf3 d6 3.d4 cxd4 4.Nxd4 Nf6 5.Nc3 a6 6.Be3 Ng4 7.Bg5 h6 8.Bh4 g5
9.Bg3 Bg7 10.Be2 h5 11.h4 gxh4 12.Rxh4 Nc6 13.Nb3 Be6 14.Qd2 Qb6 15.Nd5 Bxd5
16.exd5 Nce5 17.O-O-O Bh6 18.f4 Qe3 19.Qxe3 Nxe3 20.fxe5 Nf5+ 21.Kb1 Nxg3
22.exd6 Bg5 23.Rb4 Nxe2 24.dxe7 Bxe7 25.Rxb7 Bd6 26.c4 Rg8 27.c5 Rb8 28.Rxb8+ Bxb8
29.d6 Rg6 30.Na5 Bxd6 31.cxd6 Kd7 32.Nc4 f6 33.Nb6+ Kd8 34.a4 Rxg2 35.Kc2 h4
36.Kb3 h3 37.Rd5 Rg5 38.Rd2 h2 39.Rxe2 h1=Q 40.Rc2 Qd1  0-1

[Event "Zaragoza op"]
[Site "Zaragoza"]
[Date "1993.??.??"]
[Round "?"]
[White "De la Villa Garcia, Jesus Maria"]
[Black "Kolev, Aleksandar"]
[Result "1-0"]
[WhiteElo "2440"]
[BlackElo "2345"]

1.e4 c5 2.Nf3 d6 3.d4 cxd4 4.Nxd4 Nf6 5.Nc3 a6 6.Be3 e5 7.Nf3 Qc7 8.a4 Be7
9.a5 O-O 10.Be2 Qc6 11.Qd3 h6 12.O-O Be6 13.Rfd1 Ng4 14.Bb6 Nd7 15.Nd5 Bxd5
16.exd5 Qc8 17.Nd4 Nxb6 18.Nf5 Qd8 19.Qg3 Nd7 20.Qxg4 g6 21.Nxh6+ Kh7 22.Nf5 Rh8
23.Rd3 Kg8 24.Rh3 Rxh3 25.Nxe7+ Qxe7 26.Qxh3 Kg7 27.c4 Rh8 28.Qc3 Qh4 29.h3 Nf6
30.Qe3 Ne4 31.b4 f5 32.c5 Nf6 33.Qb3 Ne4 34.Qe3 Nf6 35.cxd6 Qxb4 36.Bf1 Re8
37.Qa7 Rd8 38.Bxa6 Rd7 39.Bf1 Qxd6 40.Rd1 e4 41.Bb5 Rc7 42.Qb6 Qxb6 43.axb6 Rc5
44.Bc6 Kf7 45.Bxb7 Nd7 46.Rb1 Ke7 47.h4 Kd6 48.Bc6 Nb8 49.g3 Rc3 50.b7 e3
51.Re1 Rb3 52.Rxe3 Rb1+ 53.Kg2 Nxc6 54.dxc6 Kxc6 55.Re6+ Kd5 56.Re7 Kd6 57.Rg7 Ke5
58.Kf3 Rb3+ 59.Ke2 f4 60.Kd2 Ke4 61.Kc2 Rb5 62.Rf7 fxg3 63.fxg3 Kd4 64.Rd7+ Kc5
65.Kc3 Kc6 66.Kc4  1-0

[Event "Alushta op"]
[Site "Alushta"]
[Date "1994.??.??"]
[Round "?"]
[White "Zagrebelny, Sergey"]
[Black "Efremov, V."]
[Result "1/2-1/2"]
[WhiteElo "2515"]
[BlackElo "2355"]

1.e4 c5 2.Nf3 d6 3.d4 cxd4 4.Nxd4 Nf6 5.Nc3 a6 6.Be3 e6 7.f3 b5 8.Qd2 Nbd7
9.g4 h6 10.O-O-O Bb7 11.h4 b4 12.Nce2 d5 13.Bh3 dxe4 14.g5 hxg5 15.hxg5 exf3
16.Ng3 Ne4 17.Nxe4 Bxe4 18.Bxe6 Rxh1 19.Rxh1 fxe6 20.Nxe6 Qe7 21.Nc7+ Kf7
22.Qd4 Kg6 23.Rh4 Nc5 24.Nxa8 Bxa8 25.Rf4 Qe8 26.Rxf8 Qxf8 27.Qxc5 Qxc5 28.Bxc5 Kxg5
29.Kd2 Kg4 30.Ke1 Be4 31.Kf2 a5 32.Bb6 a4 33.Bc5 Bxc2 34.Bxb4 Kf4 35.Bd6+ Ke4
36.Bc7 g5 37.Bd6  1/2-1/2

[Event "UKR-chT"]
[Site "Alushta"]
[Date "1994.??.??"]
[Round "?"]
[White "Ivanov, Victor L"]
[Black "Gurevich, Vladimir"]
[Result "0-1"]
[WhiteElo "2385"]
[BlackElo "2420"]

1.e4 c5 2.Nf3 d6 3.d4 cxd4 4.Nxd4 Nf6 5.Nc3 a6 6.Be3 e6 7.f3 b5 8.Qd2 Nbd7
9.g4 h6 10.h4 b4 11.Nce2 d5 12.Ng3 dxe4 13.Nxe4 Nxe4 14.fxe4 Bb7 15.Bd3 Nc5
16.O-O-O Qc7 17.Rhe1 O-O-O 18.Kb1 Be7 19.Qf2 Rd7 20.Nb3 Nxb3 21.axb3 Qe5
22.Bf4 Qc5 23.Be3 Qe5 24.Bf4 Bxh4 25.Qh2 Qf6 26.Rf1 Qe7 27.Qg1 e5 28.Be3 Kb8
29.Bc5 Qd8 30.Bb6 Qc8 31.Bc5 Be7 32.Ba7+ Ka8 33.Bb6 f6 34.Rd2 Qc6 35.Rfd1 Rc8
36.Qf2 Bd6 37.Be3 Kb8 38.Qf5 Rdc7 39.Bc4 Be7 40.Bd5 Qb5 41.Be6 Rf8 42.Bd7 Bc6
43.Qe6 Bc5 44.Rd5 Bxd5 45.Rxd5 Qf1+ 46.Bc1 Be3 47.Rd2 Rd8 48.Bb5 Qxc1+ 49.Kxc1 Rxd2
50.Kb1 axb5 51.Qe8+ Ka7 52.Qxb5 Rcxc2 53.Qa5+ Kb7 54.Qxb4+ Kc6 55.Qa4+ Kd6
56.Qa6+ Ke7 57.Qb7+ Kf8 58.Ka2 Kg8 59.Ka3 Kh7 60.Kb4 Rxb2 61.Qc8 Rf2 62.Qc6 Bd4
63.Qa4 Rf3  0-1

[Event "Antwerp op"]
[Site "Antwerp"]
[Date "1994.??.??"]
[Round "8"]
[White "Beulen, Marcel"]
[Black "Quist, Johan"]
[Result "1/2-1/2"]
[WhiteElo "2310"]
[BlackElo "2280"]

1.e4 c5 2.Nf3 d6 3.d4 cxd4 4.Nxd4 Nf6 5.Nc3 a6 6.Be3 e5 7.Nf3 Qc7 8.a4 Be7
9.Be2 O-O 10.O-O h6 11.a5 Nbd7 12.Nd2 b5 13.axb6 Nxb6 14.Bxb6 Qxb6 15.Nc4 Qc5
16.Ra5 Qc7 17.Bd3 Be6 18.Ra4 Rfb8 19.Qa1 d5 20.exd5 Nxd5 21.Nxd5 Bxd5 22.Ne3 Bc6
23.Ra5 Bd8 24.Rxa6 Rxa6 25.Qxa6 Rxb2 26.Qc4 Qb7 27.Qg4 Qe7 28.Be4 Rb4 29.c4 Bxe4
30.Qxe4 Rb8 31.Rd1 Qe6 32.c5 Bg5 33.h4 Bxe3 34.Qxe3 f5 35.Rc1 Rc8 36.Qc3 Rc6
37.g3 Qd5 38.Qc2 e4 39.Qc3 Kh7 40.Qe3  1/2-1/2

[Event "AUT-ch"]
[Site "Austria"]
[Date "1994.??.??"]
[Round "2"]
[White "Schein, Karl Heinz"]
[Black "Rockenschaub, Manfred"]
[Result "1-0"]
[WhiteElo "2155"]
[BlackElo "2280"]

1.e4 c5 2.Nf3 d6 3.d4 cxd4 4.Nxd4 Nf6 5.Nc3 a6 6.Be3 b5 7.f3 Bb7 8.Qd2 Nbd7
9.O-O-O Rc8 10.g4 Nc5 11.g5 b4 12.Nce2 Nfxe4 13.fxe4 Bxe4 14.Bh3 e5 15.Bxc8 exd4
16.Bxd4 Qxc8 17.Bxc5 Qxc5 18.Rhe1 Be7 19.Nf4 Bf5 20.h4 a5 21.Qg2 Qc8 22.Rxd6 Qb8
23.Qc6+ Kf8 24.Rxe7 Kxe7 25.Nd5+ Kf8 26.Qc5  1-0

[Event "AUT-ch"]
[Site "Austria"]
[Date "1994.??.??"]
[Round "5"]
[White "Steiner, Bruno"]
[Black "Beck, Hartmuth"]
[Result "0-1"]
[WhiteElo "2220"]
[BlackElo "2285"]

1.e4 c5 2.Nf3 d6 3.d4 cxd4 4.Nxd4 Nf6 5.Nc3 a6 6.Be3 Ng4 7.Bc4 Nxe3 8.fxe3 e6
9.O-O Be7 10.Qh5 g6 11.Qh6 Bf8 12.Qf4 Qe7 13.Rad1 Nd7 14.Nf3 Qf6 15.Qxf6 Nxf6
16.e5 Ng4 17.exd6 Nxe3 18.Ne4 Bg7 19.Nfg5 Nxf1 20.Kxf1 Bd7 21.Nc5 Rc8 22.b4 Rc6
23.Be2 h6 24.Nge4 f5 25.Nxd7 fxe4 26.Nc5 O-O+ 27.Kg1 Rd8 28.d7 Rb6 29.Bc4 Kf7
30.Nxe6 Rxe6 31.Rd6 Ke7 32.Rxe6+ Kxd7 33.Rxg6 Bd4+ 34.Kf1 Rf8+ 35.Ke1 Rf2
36.Be2 e3 37.b5 axb5 38.Bxb5+ Kc7 39.Be2 Be5 40.h4 Rf6 41.Rg8 Rf4 42.h5 Ra4
43.Bf3 Rxa2 44.Kd1 Rb2 45.Re8 Bf4 46.Re7+ Kb8 47.Be4 Rb5 48.g4 Bg5 49.Ke2 Bxe7  0-1

[Event "AUT-chT"]
[Site "?"]
[Date "1994.??.??"]
[Round "?"]
[White "Schlosser, Michael"]
[Black "Wohlfahrt, Herbert J"]
[Result "1-0"]
[WhiteElo "2400"]
[BlackElo "2240"]

1.e4 c5 2.Nf3 d6 3.d4 cxd4 4.Nxd4 Nf6 5.Nc3 a6 6.Be3 e5 7.Nf3 Qc7 8.a4 Nbd7
9.a5 Nc5 10.Nd5 Nxd5 11.exd5 Bf5 12.Be2 Be7 13.O-O O-O 14.c4 Bg6 15.b4 Nd7
16.Qb3 f5 17.Ng5 Bxg5 18.Bxg5 h6 19.Bh4 Bf7 20.f3 g5 21.Bf2 Nf6 22.Rfd1 Qd7
23.c5 dxc5 24.bxc5 Rad8 25.Bc4 Kg7 26.Rab1 Bxd5 27.Rxd5 Nxd5 28.Rd1 Qc7 29.Rxd5 Rxd5
30.Bxd5 Rd8 31.h4 Rd7 32.Be6 Re7 33.Bxf5 Qxa5 34.Bb1 Qb5 35.Qc2 Qc6 36.Qh7+ Kf8
37.Qh8+ Kf7 38.Ba2+ Kg6 39.Qg8+ Rg7 40.h5+ Kf6 41.Qf8+  1-0

[Event "AUT-chT"]
[Site "?"]
[Date "1994.??.??"]
[Round "?"]
[White "Thallinger, Guenther"]
[Black "Wohlfahrt, Herbert J"]
[Result "1-0"]
[WhiteElo "2195"]
[BlackElo "2240"]

1.e4 c5 2.Nf3 d6 3.d4 cxd4 4.Nxd4 Nf6 5.Nc3 a6 6.Be3 e5 7.Nb3 Be7 8.f3 Be6
9.Nd5 Bxd5 10.exd5 Nbd7 11.Qd2 Rc8 12.Na5 Qc7 13.c4 O-O 14.Be2 Bd8 15.b4 Qb8
16.Nb3 Bb6 17.O-O Qa7 18.Bxb6 Qxb6+ 19.Kh1 e4 20.Rac1 e3 21.Qe1 Rfe8 22.a4 Qd8
23.Qh4 Qb6 24.Qe1 Qd8 25.a5 Qe7 26.Qh4 Nxd5 27.Qxe7 Nxe7 28.Rfd1 d5 29.cxd5 Rxc1
30.Nxc1 Nf5 31.Kg1 Rc8 32.Kf1 Rc3 33.Bd3 Ne7 34.d6 Nd5 35.Be4 Nf4 36.g3 Nh3
37.Bf5 Nf2 38.Ne2 Nxd1 39.Nxc3 Nxc3 40.Bxd7 Kf8 41.Bc8 Nd5 42.b5 axb5 43.Bxb7  1-0

[Event "AUT-chT"]
[Site "?"]
[Date "1994.??.??"]
[Round "?"]
[White "Schlosser, Michael"]
[Black "Schumi, Manfred"]
[Result "1-0"]
[WhiteElo "2400"]
[BlackElo "2255"]

1.e4 c5 2.Nf3 d6 3.d4 cxd4 4.Nxd4 Nf6 5.Nc3 a6 6.Be3 Ng4 7.Bg5 h6 8.Bh4 g5
9.Bg3 Bg7 10.Qd2 Nc6 11.Nb3 f5 12.exf5 Bxf5 13.Bd3 Qd7 14.O-O-O Nge5 15.Bxf5 Qxf5
16.h4 g4 17.Rhe1 O-O 18.Re4 Rac8 19.Qe2 h5 20.Kb1 Rf7 21.Nd5 e6 22.Rf4 Qg6
23.Rxf7 Qxf7 24.Nf4 Bh6 25.Nd3 Nxd3 26.Qxd3 d5 27.a3 Bg7 28.Qe3 Qf5 29.Re1 e5
30.Qb6 Ne7 31.Re2 d4 32.Qd6 Nc6 33.Nc5 Rd8 34.Qe6+ Qxe6 35.Nxe6 Re8 36.Nc5 Re7
37.b4 Kf7 38.Ka2 Kg6 39.Re1 Kf5 40.Ne4 Rd7 41.Nc5 Re7 42.Kb3 Bh6 43.Kc4 Bf4
44.Bxf4 Kxf4 45.Kd5 Kf5 46.Nxb7 Nxb4+ 47.axb4 Rxb7 48.Rxe5+ Kf6 49.Re6+ Kg7
50.Rxa6 Rxb4 51.Ra2 Rb1 52.Kxd4 Rd1+ 53.Ke3 Re1+ 54.Kd2 Rf1 55.Ke2 Rc1 56.g3 Kf6
57.Ra6+ Kg7 58.Rc6 Ra1 59.Ke3 Re1+ 60.Kd2 Rf1 61.Ke2 Rc1 62.c4 Rc2+ 63.Ke3 Rc3+
64.Kf4  1-0

[Event "AUT-chT2S 9394"]
[Site "AUT"]
[Date "1994.??.??"]
[Round "?"]
[White "Teuschler, Hugo"]
[Black "Senoner, Erich2"]
[Result "1-0"]
[WhiteElo "2095"]
[BlackElo "2110"]

1.e4 c5 2.Nf3 d6 3.d4 cxd4 4.Nxd4 Nf6 5.Nc3 a6 6.Be3 e6 7.Be2 Be7 8.O-O Qc7
9.f4 Nbd7 10.Nb3 b5 11.a3 Bb7 12.Bf3 Nb6 13.Na5 Nc4 14.Nxc4 bxc4 15.e5 dxe5
16.Bxb7 Qxb7 17.fxe5 Nd7 18.Qg4 O-O 19.Bh6 g6 20.Bxf8 Rxf8 21.Qxc4 Nxe5 22.Qe2 Qc7
23.Rae1 Nc4 24.Kh1 Nxb2 25.Nd5 exd5 26.Qxe7 Qxc2 27.Qf6 d4 28.Re8 Qc4 29.Rxf8+ Kxf8
30.Re1  1-0

[Event "Bad Ragaz"]
[Site "Bad Ragaz"]
[Date "1994.??.??"]
[Round "6"]
[White "Landenbergue, Claude"]
[Black "Gallagher, Joseph G"]
[Result "1/2-1/2"]
[WhiteElo "2390"]
[BlackElo "2485"]

1.e4 c5 2.Nf3 d6 3.d4 cxd4 4.Nxd4 Nf6 5.Nc3 a6 6.Be3 e5 7.Nb3 Be7 8.f4 O-O
9.Be2 b5 10.fxe5 dxe5 11.Qxd8 Rxd8 12.Bb6 Rd7 13.O-O Nc6 14.a4 Rb8 15.axb5 Rxb6
16.bxc6 Rxc6 17.Ra4 Bd8 18.Rfa1 Rdd6 19.Na5 Rc5 20.Nb3 Rcc6 21.Na5 Rc5 22.Nb3  1/2-1/2

[Event "Bad Woerishofen op"]
[Site "Bad Woerishofen"]
[Date "1994.??.??"]
[Round "8"]
[White "Gallagher, Joseph G"]
[Black "Gutman, Lev"]
[Result "0-1"]
[WhiteElo "2485"]
[BlackElo "2450"]

1.e4 c5 2.Nc3 d6 3.Nge2 Nf6 4.d4 cxd4 5.Nxd4 a6 6.Be3 e5 7.Nb3 Be6 8.f3 Be7
9.Qd2 O-O 10.O-O-O b5 11.g4 b4 12.Nd5 Bxd5 13.exd5 a5 14.Kb1 Qc7 15.g5 Nh5
16.Bh3 f5 17.gxf6 Rxf6 18.Bg4 a4 19.Nc1 Nf4 20.Qxb4 Nd7 21.Qb5 Nf8 22.Qc6 Qb8
23.Nd3 h5 24.Bxf4 hxg4 25.Bg5 gxf3 26.Nf2 Rf7 27.Bxe7 Rxe7 28.Ne4 Rb7 29.Qc3 Rb4
30.Rhe1 Ra7 31.b3 axb3 32.cxb3 Rf7 33.Ng5 f2 34.Rf1 Rf5 35.Nh3 Rh4 36.Qg3 Qb4
37.Nxf2 Rff4 38.Rg1 g6 39.Nd3 Qe4 40.Rge1 Qf5 41.Qg2 Rf3 42.Qc2 Nd7 43.Re2 Nf6
44.Nb2 Ne4 45.Na4 Rhf4 46.Kb2 Nf2 47.Rg1 Nd3+ 48.Ka3 Rxa4+ 49.Kxa4 Qd7+ 50.Qc6 Qa7+
51.Kb5 Qxg1 52.Qxd6 Rf7 53.Qc6 Qg4 54.Rc2 Qb4+ 55.Ka6 Kg7 56.d6 Qd4 57.Kb5 Nb4
58.Qc4 Rb7+ 59.Ka5  0-1

[Event "Barcelona UGA"]
[Site "Barcelona"]
[Date "1994.??.??"]
[Round "5"]
[White "Rahal, Michael"]
[Black "Gallego, Victoriano"]
[Result "0-1"]
[WhiteElo "2310"]
[BlackElo "2360"]

1.e4 c5 2.Nf3 d6 3.d4 cxd4 4.Nxd4 Nf6 5.Nc3 a6 6.Be3 Ng4 7.Bg5 h6 8.Bh4 g5
9.Bg3 Bg7 10.Qd2 Nc6 11.Nb3 b5 12.f3 Nge5 13.Bf2 Be6 14.Nd5 Rb8 15.Nd4 Qd7
16.Be3 Nxd4 17.Bxd4 Bxd5 18.exd5 Qb7 19.O-O-O Qxd5 20.b3 O-O 21.f4 Nc6 22.Bxg7 Qxd2+
23.Rxd2 Kxg7 24.fxg5 hxg5 25.Rd5 Ne5 26.a4 bxa4 27.bxa4 Rb6 28.Be2 Rc8 29.Rhd1 f6
30.Ra5 Nc4 31.Bxc4 Rxc4  0-1

[Event "Regionalliga SW9495"]
[Site "Bayern"]
[Date "1994.??.??"]
[Round "1"]
[White "Kraemer, Stefan"]
[Black "Hamlack, Heinz"]
[Result "1-0"]
[WhiteElo "2115"]
[BlackElo "1935"]

1.e4 c5 2.Nf3 d6 3.d4 cxd4 4.Nxd4 Nf6 5.Nc3 a6 6.Be3 e6 7.f3 Be7 8.g4 Nfd7
9.Qd2 Bh4+ 10.Bf2 Bxf2+ 11.Qxf2 Qb6 12.O-O-O O-O 13.Qg3 Nc5 14.h4 Bd7 15.h5 Na4
16.Nxa4 Bxa4 17.h6 g6 18.Qf4 Nd7 19.Nb3 e5 20.Qg5 Rac8 21.Kb1 f6 22.Qd2 Qc6
23.Rh2 Rfd8 24.Qxd6 Nf8 25.Qxd8 Rxd8 26.Rxd8 Bxb3 27.axb3 b5 28.Rhd2 Kf7
29.R2d6 Qc7 30.Rd5 g5 31.c4 b4 32.c5 Ke7 33.R8d6 a5 34.Bc4 Qb8 35.Rb6 Qc8
36.Ba6  1-0